| 000 | 01153nam0a22002891 4500 | ||
|---|---|---|---|
| 001 | rc\1162608 | ||
| 005 | 20250622203835.0 | ||
| 035 | _a(NLR Aleph) 006406650 | ||
| 090 |
_a5302326 _c5302326 |
||
| 100 | _a20041129d1980 |||y0rusy50 ca | ||
| 101 | 0 | _arus | |
| 102 | _aRU | ||
| 105 | _aa ||||||||| | ||
| 200 | 1 |
_aОрогенные отложения - новый нефтегазоносный комплекс межгорных впадин Западного Тянь-Шаня _f[М.С. Сайдалиева, Х.А. Ахмедов, А.М. Газиев] |
|
| 210 |
_aТашкент _cФан _d1980 |
||
| 215 |
_a112 с. _cил. _d21 |
||
| 300 | _aАвт. указаны на обл. | ||
| 300 | _aВ надзаг.: Ферган. политехн. ин-т | ||
| 320 | _aБиблиогр.: с. 106-112 | ||
| 700 | 1 |
_aСайдалиева _bМ.С. _gМахфуза Султановна |
|
| 701 | 1 |
_aАхмедов _bХ.А. _gХабибулла Ахмедович |
|
| 701 | 1 |
_aГазиев _bА.М. _gАлишер Матлапович |
|
| 801 | 0 |
_aRU _bNLR _gpsbo |
|
| 801 | 1 |
_aRU _bELAR _2rusmarc |
|
| 852 |
_aNLR _j80-5/3690 |
||
| 942 | _cBOOK | ||
| 980 | _aNB | ||